Popular opinion in totalitarian regimes fascism, Nazism, Communism (Registro nro. 64227)

Detalles MARC
000 -ENCABEZADO
Número de control [NR] 02068nam a2200265Ia 4500
008 - DE LONGITUD FIJA DE DATOS DE ELEMENTOS - INFORMACIÓN GENERAL
Elementos de longitud fija [NR] 130821s2009 enk gr eng
020 ## - NUMERO INTERNACIONAL NORMALIZADO PARA LIBROS [R]
Número Internacional Normalizado del libro [NR] 199566526
020 ## - NUMERO INTERNACIONAL NORMALIZADO PARA LIBROS [R]
Número Internacional Normalizado del libro [NR] 9780199566525
040 ## - FUENTE DE CATALOGACION [NR]
Agencia de catalogación original [NR] Co-BoUCM
Idioma de catalogación [NR] spa
041 00 - CODIGO DE IDIOMA [R]
Código de idioma para texto/pista de sonido o título separado [R] Inglés
245 00 - MENCION DE TITULO [NR]
Título [NR] Popular opinion in totalitarian regimes fascism, Nazism, Communism
Mención de responsabilidad, etc. [NR] editado por Paul Corner
260 ## - PUBLICACION, DISTRIBUCION, ETC. (PIE DE IMPRENTA) [R]
Lugar de publicación, distribución, etc. [R] Oxford (Oxfordshire, Inglaterra)
Nombre del editor, distribuidor, etc. [R] Oxford University Press
Fecha de publicación, distribución, etc. [R] 2009
300 ## - DESCRIPCION FISICA [R]
Extensión [R] xi, 234 páginas
504 ## - NOTA DE BIBLIOGRAFIA, ETC. [R]
Nota de bibliografía, etc. [NR]
505 ## - NOTA DE CONTENIDO CON FORMATO PREESTABLECIDO [R]
State manifest and birth record (1764-1977). Popular opinion in Russia under pre-war Stalinism / Sheila Fitzpatrick. -- Consensus, coercion and popular opinion in the Third Reich: some reflections / Ian Kershaw. -- Liberation from autonomy: mapping self-understandings in Stalin's time / Jochen Hellbeck. -- Beyond binaries: popular opinion in Stalinism / Jan Plamper. -- Popular opinion in Nazi Germany as a factor in the policy of the 'solution of the Jewish Question': the Nuremberg Laws and the Reichskristallnacht / Otto Dov Kulka. -- Popular opinion in Nazi Germany: mobilization, experience, perceptions: the view from the Württemberg countryside / Jill Stephenson. -- Fascist Italy in the 1930s: popular opinion in the provinces / Paul Corner. -- Poland: the silence of those deprived of voice / Marcin Kula. -- Consent in the Communist GDR or how to interpret Lion Feuchtwanger's blindness in Moscow 1937 / Martin Sabrow. -- Demography, opportunity or ideological conversion? Reflections on the role of the 'Second Hitler Youth generation', or '1929ers', in the GDR / Mary Fulbrook. -- Tacit minimal consensus: the always precarious East German dictatorship / Thomas Lindenberger.
650 04 - ASIENTO SECUNDARIO DE MATERIA - TERMINO TEMATICO [R]
Término temático o nombre geográfico como elemento de entrada [NR] Comunismo
Subdivisión general [R] Historia
9 (RLIN) 72685
650 04 - ASIENTO SECUNDARIO DE MATERIA - TERMINO TEMATICO [R]
Término temático o nombre geográfico como elemento de entrada [NR] Fascismo
Subdivisión general [R] Historia
9 (RLIN) 15595
650 04 - ASIENTO SECUNDARIO DE MATERIA - TERMINO TEMATICO [R]
Término temático o nombre geográfico como elemento de entrada [NR] Opinión pública
Subdivisión general [R] Historia
9 (RLIN) 20772
650 04 - ASIENTO SECUNDARIO DE MATERIA - TERMINO TEMATICO [R]
Término temático o nombre geográfico como elemento de entrada [NR] Sociología
9 (RLIN) 386
650 04 - ASIENTO SECUNDARIO DE MATERIA - TERMINO TEMATICO [R]
Término temático o nombre geográfico como elemento de entrada [NR] Totalitarismo
Subdivisión general [R] Historia
9 (RLIN) 25542
651 #4 - ASIENTO SECUNDARIO DE MATERIA - NOMBRE GEOGRAFICO [R]
Nombre geográfico [NR] Europa
Subdivisión general [R] Política y gobierno
9 (RLIN) 37419
700 1# - ASIENTO SECUNDARIO - NOMBRE PERSONAL [R]
Nombre personal [NR] Corner, Paul
Término de relación [R]
9 (RLIN) 166024
942 ## - ELEMENTOS DE ENTRADA AGREGADOS (KOHA)
Tipo de ítem principal el descrito en 300a Libro
Tema principal Sociología
Edición 1
Parte restante de la signatura top. P831
Sistema de clasificación DEWEY
Clasificación 303.38
Existencias
Fecha de último préstamo Total préstamos Total Renewals Signatura topográfica Código de barras Última vez visto Ejemplar Price effective from Tipo de ítem Perdido Sistema de clasificación Dañado No prestable Tipo de ítem específico Suprimido Ubicación habitual Ubicación actual Localización Fecha de creación Forma de adquisición Costo
29/04/2025 10 8 303.38 P831 100103692 09/12/2025 Ej.1 03/02/2013 Libro   DEWEY     Libro   Claustro Claustro 2do piso 30/09/2010 Compra 165311.00